书目信息 |
| 题名: |
机电一体化小装置制作
|
|
| 作者: | Braga 著 ;卢伯英 译 | |
| 分册: | ||
| 出版信息: | 北京 科学出版社 2007 |
|
| 页数: | 10,288页 | |
| 开本: | 24cm | |
| 丛书名: | 图解电子创新制作 | |
| 单 册: | ||
| 中图分类: | TH-39 | |
| 科图分类: | ||
| 主题词: | 机电一体化--制作 | |
| 电子资源: | ||
| ISBN: | 978-7-03-018573-0 | |
| 000 | 01272oam2 2200325 450 | |
| 001 | 012004129374 | |
| 005 | 20070805111244.31 | |
| 009 | 012004129374 | |
| 010 | @a978-7-03-018573-0@dCNY36.00 | |
| 035 | @a(110019)012007010686 | |
| 100 | @a20070425d2007 em y0chiy0110 ea | |
| 101 | 1 | @achi@cpor |
| 102 | @aCN@b110000 | |
| 105 | @aa z 000yy | |
| 106 | @ar | |
| 200 | 1 | @a机电一体化小装置制作@Aji dian yi ti hua xiao zhuang zhi zhi zuo@f(巴西)Newton C. Braga著@F( ba xi )Newton C. Braga zhu@g卢伯英译@Glu bo ying yi |
| 210 | @a北京@c科学出版社@d2007 | |
| 215 | @a10,288页@c图@d24cm | |
| 225 | 2 | @a图解电子创新制作@Atu jie dian zi chuang xin zhi zuo |
| 300 | @a实用技术 | |
| 306 | @a由科学出版社和美国麦格劳-希尔教育(亚洲)出版公司合作出版 | |
| 330 | @a本书从机电一体化基础入手,讲解了制作前所必备的知识,介绍了共25种机电一体化实验项目的制作方法及过程,并给出了制作方程中的各种操作技巧。 | |
| 461 | 0 | @12001 @a图解电子创新制作 |
| 512 | 1 | @a机电一体化小装置制作DIY@Aji dian yi ti hua xiao zhuang zhi zhi zuo DIY@gji dian yi ti hua xiao zhuang zhi zhi zuo DIY |
| 606 | 0 | @a机电一体化@x制作 |
| 690 | @aTH-39@v4 | |
| 701 | 1 | @c(巴西)@aBraga@bNewton C.@4著 |
| 702 | 0 | @a卢伯英@Alu bo ying@4译 |
| 801 | 0 | @aCN@b110019@c20070805 |
| 905 | @dTH-39@e31@f5 | |
| 机电一体化小装置制作/(巴西)Newton C. Braga著/卢伯英译.-北京:科学出版社,2007 |
| 10,288页:图;24cm.-(图解电子创新制作) |
| 实用技术 |
| ISBN 978-7-03-018573-0:CNY36.00 |
| 本书从机电一体化基础入手,讲解了制作前所必备的知识,介绍了共25种机电一体化实验项目的制作方法及过程,并给出了制作方程中的各种操作技巧。 |
| ● |
| 相关链接 |
|
|
|
|
正题名:机电一体化小装置制作
索取号:TH-39/31
 
预约/预借
| 序号 | 登录号 | 条形码 | 馆藏地/架位号 | 状态 | 备注 |
| 1 | 0851503 | 208515034 | 第二样本阅览室/ [索取号:TH-39/31] | 在馆 | |
| 2 | 0851504 | 208515043 | 第三借阅区/ [索取号:TH-39/31] | 在馆 | |
| 3 | 0851505 | 208515052 | 第三借阅区/ [索取号:TH-39/31] | 在馆 | |
| 4 | 0851506 | 208515061 | 第三借阅区/ [索取号:TH-39/31] | 在馆 | |
| 5 | 0851507 | 208515070 | 第三借阅区/ [索取号:TH-39/31] | 在馆 |